| 000 | 00818nam a22002537a 4500 | ||
|---|---|---|---|
| 003 | OSt | ||
| 005 | 20140310182334.0 | ||
| 008 | 130925t xxu||||| |||| 00| 0 eng d | ||
| 020 | _a9781405844086 | ||
| 050 |
_aQA 11.39.2 _b.St896c 2008 |
||
| 100 |
_aStraker, Anita. _921533 |
||
| 245 |
_aExploring Maths 2 : _bClass Book / _cAnita Straker. |
||
| 260 |
_aChina : _bPearson Longman, _cc2008. |
||
| 300 |
_aiv. 361 p. : _bill. col.; _c28 cm. |
||
| 500 | _aIncludes index and bibliography. | ||
| 651 |
_aFactorization _xmathematics _921534 |
||
| 651 |
_aEquations _xmathematics _921535 |
||
| 651 |
_aForms _xMathemetics _921536 |
||
| 651 |
_aStudy and teaching (secondary) _xmathematics _921537 |
||
| 651 |
_aMathematical Formula _xFormulae _921538 |
||
| 942 |
_2lcc _cBK-TR |
||
| 999 |
_c12046 _d12046 |
||